Maximum principles and their applications /

Guardado en:
Autor Principal: Sperb, René Peter, 1943-
Formato: Libro
Idioma:English
Publicado: New York : Academic Press, 1981.
Series:Mathematics in science and engineering ; v. 157
Materias:
Etiquetas: Agregar Etiqueta
Sin Etiquetas, Sea el primero en etiquetar este registro!
LEADER 00780pam a2200229 a 4500
001 MAT.inmabb002667
008 810309s1981####nyu######b####001#0#eng##
005 20110502105932.0
245 1 0 |a Maximum principles and their applications /  |c René P. Sperb. 
260 |a New York :  |b Academic Press,  |c 1981. 
300 |a ix, 224 p. ;  |c 24 cm. 
440 0 |a Mathematics in science and engineering ;  |v v. 157 
504 |a Bibliografía: p. 217-221. 
510 4 |a MR,  |c 84a:35033 
020 |a 0126568804 
100 1 |a Sperb, René Peter,  |d 1943- 
650 0 |a Differential equations, Partial  |x Numerical solutions. 
650 0 |a Maximum principles (Mathematics) 
084 |a 35B50 (49G99 58G25)  |2 MR 
010 |a  81002436  
040 |a DLC  |c DLC  |d DLC 
859 |h 35  |i Sp749  |p A-5100  |b BIB. MATEMATICA